00333nam a2200121Ia 4500008004100000041000800041082001500049100001500064245004500079260004400124300003200168365001100200240624s9999 xx 000 0 und d aeng a658.45 LAT aLATA PUSHP aCOMMUNICATE OR COLLAPSE A HANDBOOK OF EF c2010aNew DelhibPrentice-Hall of India axiii, : 290 : p. : cm. ; 23 cRSb35